[Event "83rd ESP-ch Women-ch 2018"]
[Site "Linares"]
[Date "2018.08.27"]
[Round "8"]
[White "Fernandez Montero, Francisco Manuel"]
[Black "Argibay Fontan, Santiago"]
[Result "1-0"]
[WhiteElo "2046"]
[BlackElo "1788"]
[Annotator "NA RC"]
[PlyCount "153"]
[EventDate "2018.08.09"]
[EventType "tourn"]
[EventCountry "ESP"]
[SourceTitle "playchess.com"]
[Source "ChessBase"]
[SourceQuality "1"]
[TimeControl "40/5400+30:1800+30"]

1. e4 {[%emt 0:00:00]} e5 {[%emt 0:00:26]} 2. Bc4 {[%emt 0:00:00]} Nc6 {[%emt 0:02:46]} 3. Nc3 {[%emt 0:00:02]} Nf6 {[%emt 0:00:45]} 4. d3 {[%emt 0:00:14]} Be7 {[%emt 0:04:17]} 5. f4 {[%emt 0:00:33]} d6 {[%emt 0:01:27]} 6. Nf3 {[%emt 0:00:41]} Bg4 {[%emt 0:06:00]} 7. h3 {[%emt 0:00:50] C28: Vienna Game: 2...Nf6 3 Bc4 Nc6} (7. O-O Nd4 8. fxe5 Bxf3 9. gxf3 dxe5 10. f4 Bd6 11. Ne2 Nxe2+ 12. Qxe2 Qd7 13. fxe5 Bxe5 14. c3 b5 15. Bb3 {1-0 (32) Kosteniuk,A (2557)-Mamedjarova,T (2260) Riadh 2017}) 7... Be6 {[%emt 0:16:16]} 8. f5 {[%emt 0:09:44]} Bxc4 {[%emt 0:16:56]} 9. dxc4 {[%emt 0:00:04]} Nb8 $146 {[%emt 0:08:12]} ({Predecessor:} 9... h6 10. O-O a6 11. Be3 b6 12. a3 Na5 13. Qe2 c5 14. Rad1 Qc7 {½-½ (50) Loskarn,P (1944)-Wagener,H (1685) Germany 2008}) 10. g4 {[%emt 0:04:59]} h6 {[%emt 0:01:02]} 11. Be3 {[%emt 0:01:22]} c6 {[%emt 0:01:06]} 12. Qd2 {[%emt 0:02:54]} Qa5 {[%emt 0:00:44]} 13. O-O-O {[%emt 0:01:52]} Na6 {[%emt 0:03:18]} 14. Kb1 {[%emt 0:03:52]} O-O-O {[%emt 0:05:21]} 15. Nd5 {[%emt 0:07:33]} Qxd2 {[%emt 0:00:11]} 16. Nxe7+ {[%emt 0:00:14]} Kd7 {[%emt 0:00:05]} 17. Nxd2 {[%emt 0:00:37]} Ra8 {[%emt 0:13:20]} 18. Nxc6 {[%emt 0:04:37]} bxc6 {[%emt 0:00:10]} 19. Rhg1 {[%emt 0:03:34]} c5 {[%emt 0:01:50]} 20. h4 {[%emt 0:03:22]} h5 {[%emt 0:11:47]} 21. g5 {[%emt 0:00:58]} Ng4 {[%emt 0:00:42]} 22. Nf1 {[%emt 0:03:10]} Kc7 {[%emt 0:07:43]} 23. Rg3 {[%emt 0:03:24]} Nb4 {[%emt 0:00:37]} 24. Bg1 {[%emt 0:01:31]} a5 {[%emt 0:00:26]} 25. Nd2 {[%emt 0:19:45]} Rhd8 {[%emt 0:03:54]} 26. c3 {[%emt 0:00:59]} Na6 {[%emt 0:01:49]} 27. Kc2 {[%emt 0:01:23]} a4 {[%emt 0:02:27]} 28. Nb1 {[%emt 0:00:18]} Kc6 {[%emt 0:00:10]} 29. Rgd3 {[%emt 0:00:36]} Nc7 {[%emt 0:02:59]} 30. Na3 {[%emt 0:01:23]} Rab8 {[%emt 0:00:19]} 31. b3 {[%emt 0:02:06]} axb3+ {[%emt 0:00:45]} 32. axb3 {[%emt 0:00:07]} Rb7 {[%emt 0:00:29]} 33. Nb1 {[%emt 0:03:44]} Rbb8 {[%emt 0:01:11]} 34. Kb2 {[%emt 0:00:44]} Rb7 {[%emt 0:00:25]} 35. Nd2 {[%emt 0:00:20]} Na6 {[%emt 0:01:01]} 36. Ra1 {[%emt 0:01:05]} Nc7 {[%emt 0:00:09]} 37. Rf3 {[%emt 0:00:33]} Ra8 {[%emt 0:00:22]} 38. Rff1 {[%emt 0:00:30]} Rba7 {[%emt 0:01:58]} 39. b4 {[%emt 0:01:25]} Ra4 {[%emt 0:01:07]} 40. Rxa4 {[%emt 0:01:36]} Rxa4 {[%emt 0:00:07]} 41. Ra1 {[%emt 0:31:34]} Ra8 {[%emt 0:31:04]} 42. Rxa8 {[%emt 0:02:47]} Nxa8 {[%emt 0:00:06]} 43. Nb3 {[%emt 0:00:06]} Nb6 {[%emt 0:00:53]} 44. Na5+ {[%emt 0:00:21]} Kc7 {[%emt 0:00:23]} 45. Kb3 {[%emt 0:01:01]} Nd7 {[%emt 0:00:23]} 46. Ka4 {[%emt 0:00:31]} Kb6 {[%emt 0:00:14]} 47. Nb3 {[%emt 0:00:41]} Kc6 {[%emt 0:00:56]} 48. Ka5 {[%emt 0:00:36]} Nb6 {[%emt 0:00:39]} 49. bxc5 {[%emt 0:00:28]} Nxc4+ {[%emt 0:00:13]} 50. Kb4 {[%emt 0:00:29]} Nb2 {[%emt 0:00:26]} 51. Na5+ {[%emt 0:01:45]} Kd7 {[%emt 0:00:37]} 52. c6+ {[%emt 0:01:40]} Kc8 {[%emt 0:01:03]} 53. Nb7 {[%emt 0:01:19]} Nd3+ {[%emt 0:00:28]} 54. Kb5 {[%emt 0:00:17]} Ngf2 {[%emt 0:00:32]} 55. Nxd6+ {[%emt 0:04:07]} Kc7 {[%emt 0:00:29]} 56. Bxf2 {[%emt 0:04:33]} Nxf2 {[%emt 0:00:02]} 57. Nxf7 {[%emt 0:00:10]} Nxe4 {[%emt 0:00:14]} 58. Nxe5 {[%emt 0:00:07]} Nd6+ {[%emt 0:00:13]} 59. Kc5 {[%emt 0:00:32]} Nxf5 {[%emt 0:00:25]} 60. Ng6 {[%emt 0:00:24]} Nd6 {[%emt 0:01:33]} 61. Nf4 {[%emt 0:01:06]} Ne4+ {[%emt 0:00:35]} 62. Kd4 {[%emt 0:00:07]} Nd6 {[%emt 0:00:13]} 63. Ne6+ {[%emt 0:02:28]} Kxc6 {[%emt 0:00:19]} 64. Nxg7 {[%emt 0:00:04]} Nb5+ {[%emt 0:00:23]} 65. Kd3 {[%emt 0:00:18]} (65. Ke5 $142 Kd7 66. g6) 65... Kd6 {[%emt 0:01:02]} 66. Nxh5 {[%emt 0:00:08]} Ke6 {[%emt 0:00:19]} 67. g6 {[%emt 0:00:17]} Nd6 {[%emt 0:00:37]} 68. g7 {[%emt 0:00:11]} Kf7 {[%emt 0:00:16]} 69. c4 {[%emt 0:00:10]} Nf5 {[%emt 0:00:24]} 70. c5 {[%emt 0:00:17]} Ne7 {[%emt 0:00:11]} 71. Kc4 {[%emt 0:00:23]} Nf5 72. Kd5 {[%emt 0:00:22]} Ne7+ {[%emt 0:01:50]} 73. Kd6 {[%emt 0:00:30]} Nf5+ 74. Kd7 {[%emt 0:00:30]} Ne3 {[%emt 0:01:00]} 75. c6 {[%emt 0:00:19]} Nd5 {[%emt 0:00:19]} 76. c7 {[%emt 0:00:57]} Nb6+ {[%emt 0:00:40]} 77. Kd8 {[%emt 0:00:13]} 1-0

[Event "83rd ESP-ch Women-ch 2018"]
[Site "Linares"]
[Date "2018.08.27"]
[Round "8"]
[White "Vergara Anton, Diego"]
[Black "Suarez Uriel, Adrian"]
[Result "0-1"]
[WhiteElo "2022"]
[BlackElo "2391"]
[Annotator "TA"]
[PlyCount "88"]
[EventDate "2018.08.09"]
[EventType "tourn"]
[EventCountry "ESP"]
[SourceTitle "playchess.com"]
[Source "ChessBase"]
[SourceQuality "1"]

{[%evp 21,88,33,22,29,33,0,0,6,14,8,8,7,11,0,0,-20,0,-12,11,7,20,14,27,15,27,35,37,41,31,28,28,-23,0,0,0,0,0,0,0,-58,-47,-45,-33,-18,-19,-123,-123,-124,-124,-124,-124,-206,-178,-249,-116,-530,-249,-29967,-29963,-29962,-29963,-12807,-6379,-29981,-29982,-29995,-29996,-29998,-29999]} 1. d4 Nf6 2. c4 g6 3. g3 Bg7 4. Bg2 O-O 5. Nc3 d6 6. Nf3 Nc6 7. O-O a6 8. h3 Rb8 9. e4 e5 10. dxe5 Nxe5 11. Nxe5 {E63: King's Indian: Fianchetto: Panno Variation with 7...a6} dxe5 {LiveBook: 6 Games} 12. Be3 Be6 13. Qa4 $146 {White is slightly better.} ({Predecessor:} 13. Qe2 Qc8 14. Kh2 c6 15. c5 Nd7 16. Rad1 Re8 17. b3 Qc7 18. Na4 Rbd8 {0-1 (57) Spirin,O (2464)-Zvara,P (2438) Czechia 2010}) 13... Qc8 14. Kh2 b5 15. cxb5 axb5 16. Qc2 Qb7 17. Rfd1 c6 18. Bc5 Rfe8 {next ...b4 is good for Black.} 19. Bd6 Rbc8 20. b4 Nd7 {[%cal Bf6d7,Bd7b6,Bb6c4][%mdl 32]} 21. a4 {[%cal Ba2a4,Ba4a5,Ba5a6][%mdl 32]} Nb6 22. a5 Nc4 23. a6 Qa8 $1 24. Bc5 $1 Bf8 25. Bxf8 Rxf8 26. Nb1 ({White should try} 26. Bf1) 26... Qa7 27. Na3 Nxa3 28. Rxa3 c5 29. bxc5 Rxc5 30. Rc3 (30. Qb2 $11) 30... Bc4 31. Ra1 Rfc8 $36 {[%mdl 2048] Black fights for an advantage.} 32. Qb2 R5c6 33. Bf1 (33. Rca3 $1 $11) 33... Rxa6 $17 34. Bxc4 bxc4 35. Rxa6 Qxa6 {[%mdl 4096] Endgame KQR-KQR} 36. Qb4 (36. Kg1 $17) 36... Qc6 $19 37. f3 (37. Qb1 $142) 37... Qa8 (37... h5 $19 {has better winning chances.} 38. Kg2 Qc7) 38. h4 $2 {[%mdl 8192]} (38. Ra3 $17 {nothing else works.} Qc6 39. Rc3) 38... h5 (38... Qa2+ $142 39. Kh3 h5) 39. Kh3 $2 {[#]} (39. Rc2 $19) 39... Qa1 {[%cal Ra1h1]} 40. Kg2 Qe1 41. Qb2 Rd8 {( -> ...Rd2+)} 42. Rc2 Rd1 {Black mates.} 43. Qb8+ Kh7 44. Qxe5 Qf1+ {Precision: White = 33%, Black = 49%.} 0-1

[Event "83rd ESP-ch Women-ch 2018"]
[Site "Linares"]
[Date "2018.08.27"]
[Round "8"]
[White "Perez Beltran, Salvador"]
[Black "Vazquez Pino, Miguel Angel"]
[Result "1-0"]
[WhiteElo "2018"]
[BlackElo "1909"]
[Annotator "NA"]
[PlyCount "78"]
[EventDate "2018.08.09"]
[EventType "tourn"]
[EventCountry "ESP"]
[SourceTitle "playchess.com"]
[Source "ChessBase"]
[SourceQuality "1"]
[TimeControl "40/5400+30:1800+30"]

1. d4 {[%emt 0:00:00]} Nf6 {[%emt 0:00:00]} 2. Nf3 {[%emt 0:00:00]} c5 {[%emt 0:00:00]} 3. d5 {[%emt 0:00:00]} e6 {[%emt 0:00:26]} 4. c4 {[%emt 0:00:01]} exd5 {[%emt 0:00:11]} 5. cxd5 {[%emt 0:00:04]} d6 {[%emt 0:00:06]} 6. Nc3 {[%emt 0:01:33]} g6 {[%emt 0:00:52]} 7. Bf4 {[%emt 0:01:50]} Bg7 {[%emt 0:02:11]} 8. Qa4+ {[%emt 0:04:55]} Bd7 {[%emt 0:03:43]} 9. Qb3 {[%emt 0:02:14]} Qc7 {[%emt 0:02:39]} 10. h3 {[%emt 0:09:12]} O-O {[%emt 0:09:56]} 11. e3 {[%emt 0:13:23]} a6 {[%emt 0:04:27]} 12. a4 {[%emt 0:02:03]} Bf5 {[%emt 0:04:34]} 13. Nd2 {[%emt 0:08:42]} Re8 {[%emt 0:04:11]} 14. Be2 {[%emt 0:10:28]} h6 $16 {[%emt 0:09:16]} 15. g4 {[%emt 0:11:49]} Bc8 {[%emt 0:01:43]} 16. Nc4 {[%emt 0:14:50]} Bf8 {[%emt 0:03:46]} 17. O-O-O {[%emt 0:04:24]} Nbd7 {[%emt 0:04:52]} 18. h4 Ne4 19. Nxe4 {[%emt 0:08:59]} Rxe4 {[%emt 0:03:33]} 20. Bd3 {[%emt 0:03:43]} Re8 {[%emt 0:01:27]} 21. Bg3 Nf6 {[%emt 0:00:06]} 22. Nb6 {[%emt 0:02:42]} Rb8 23. g5 {[%emt 0:01:28]} Ne4 {[%emt 0:01:05]} 24. h5 {[%emt 0:01:51]} Nxg3 {[%emt 0:02:08]} 25. fxg3 {[%emt 0:00:06]} Rxe3 {[%emt 0:00:34]} 26. hxg6 {[%emt 0:01:39]} fxg6 {[%emt 0:00:15]} 27. gxh6 {[%emt 0:00:12]} Bf5 {[%emt 0:00:43]} 28. Nc4 {[%emt 0:05:06]} Rxg3 {[%emt 0:00:15]} 29. Qc2 {[%emt 0:00:54]} Bxd3 {[%emt 0:02:13]} 30. Rxd3 {[%emt 0:00:01]} Rg5 {[%emt 0:01:01]} 31. Qc3 {[%emt 0:00:18]} Kh7 {[%emt 0:00:30]} 32. Qd2 {[%emt 0:01:26]} Qd8 {[%emt 0:00:57]} 33. Rf3 {[%emt 0:00:22]} Rf5 {[%emt 0:01:13]} 34. Rg3 {[%emt 0:01:08]} Qf6 {[%emt 0:00:39]} 35. Ne3 {[%emt 0:00:24]} Rf2 {[%emt 0:00:43]} 36. Ng4 {[%emt 0:00:46]} Qf4 {[%emt 0:00:36]} 37. Nxf2 {[%emt 0:00:31]} Qxg3 38. Ne4 Qb3 39. Ng5+ Kg8 1-0

[Event "83rd ESP-ch Women-ch 2018"]
[Site "Linares"]
[Date "2018.08.27"]
[Round "8"]
[White "Comellas Martos, Lidia"]
[Black "Cesar Maestre, Bernardo"]
[Result "1-0"]
[WhiteElo "2001"]
[BlackElo "1861"]
[Annotator "NA"]
[PlyCount "41"]
[EventDate "2018.08.09"]
[EventType "tourn"]
[EventCountry "ESP"]
[SourceTitle "playchess.com"]
[Source "ChessBase"]
[SourceQuality "1"]
[TimeControl "40/5400+30:1800+30"]

1. e4 {[%emt 0:00:00]} c5 {[%emt 0:00:00]} 2. Nf3 {[%emt 0:00:00]} d6 {[%emt 0:00:00]} 3. Bb5+ {[%emt 0:00:00]} Nd7 {[%emt 0:00:00]} 4. d4 {[%emt 0:00:03]} Ngf6 {[%emt 0:00:00]} 5. O-O {[%emt 0:00:19]} Nxe4 {[%emt 0:02:35]} 6. Qe2 {[%emt 0:00:21]} Nef6 {[%emt 0:00:15]} 7. dxc5 {[%emt 0:00:36]} dxc5 {[%emt 0:00:14]} 8. Rd1 {[%emt 0:01:14]} e6 {[%emt 0:10:09]} 9. Ne5 {[%emt 0:08:23]} a6 {[%emt 0:04:35]} 10. Bxd7+ {[%emt 0:02:23]} Nxd7 {[%emt 0:00:21]} 11. Na3 {[%emt 0:08:13]} Be7 {[%emt 0:04:36]} 12. Nac4 {[%emt 0:04:51]} Qc7 {[%emt 0:14:52]} 13. Bf4 {[%emt 0:02:13]} Nxe5 $18 {[%emt 0:02:36]} (13... O-O 14. Ng6 Qd8) 14. Bxe5 {[%emt 0:18:38]} Qc6 {[%emt 0:01:52]} 15. Nd6+ {[%emt 0:00:09]} Kf8 {[%emt 0:04:18]} 16. Qh5 {[%emt 0:03:17]} Bxd6 {[%emt 0:00:46]} 17. Rxd6 {[%emt 0:03:32]} Qe8 {[%emt 0:00:15]} 18. Rad1 {[%emt 0:09:56]} Ke7 {[%emt 0:03:09]} 19. Qg5+ {[%emt 0:01:29]} f6 {[%emt 0:00:08]} 20. Qxg7+ {[%emt 0:00:05]} Qf7 {[%emt 0:00:13]} 21. Bxf6+ {[%emt 0:00:12]} 1-0

[Event "83rd ESP-ch Women-ch 2018"]
[Site "Linares"]
[Date "2018.08.27"]
[Round "8"]
[White "Sobrino Forte, Alvaro"]
[Black "Moral Garcia, Serafin"]
[Result "0-1"]
[WhiteElo "1984"]
[BlackElo "2287"]
[Annotator "TA"]
[PlyCount "120"]
[EventDate "2018.08.09"]
[EventType "tourn"]
[EventCountry "ESP"]
[SourceTitle "playchess.com"]
[Source "ChessBase"]
[SourceQuality "1"]

{[%evp 27,120,70,54,50,56,61,70,43,38,39,52,43,47,10,26,26,38,35,27,32,60,58,66,34,65,0,0,0,0,0,0,0,0,-2,-2,-6,0,0,0,-37,-38,-39,-39,-39,-33,-39,-22,-30,-15,-41,-14,-44,-35,-36,-14,-44,-5,-5,0,0,0,0,0,0,0,0,0,-30,0,-9,-9,-9,-9,-10,-9,-9,0,0,0,0,0,-1171,-1087,-29975,-29976,-29975,-29977,-29975,-29977,-29980,-29981,-29982,-29983,-29983,-29984]} 1. e4 e5 2. Nf3 Nc6 3. Bb5 a6 4. Ba4 Nf6 5. O-O b5 6. Bb3 Bc5 7. a4 Rb8 8. c3 d6 9. d4 Bb6 10. a5 {C78: Ruy Lopez: Archangelsk and Möller Defences} Ba7 11. h3 O-O 12. Be3 (12. Re1 Bb7 13. Be3 exd4 14. cxd4 Ne7 15. Nbd2 Bxe4 16. Nxe4 Nxe4 17. Qc2 d5 {0-1 (33) Yu,Y (2759)-Svidler,P (2753) Shenzhen 2018}) 12... exd4 13. cxd4 d5 14. e5 Ne4 {LiveBook: 4 Games} 15. Nc3 Nxc3 16. bxc3 Bf5 {[#]} 17. Bc2 $146 ({Predecessor:} 17. Qd2 b4 18. cxb4 Nxb4 {½-½ (33) Stellwagen,D (2512)-Friedel,J (2436) Heraklio 2004}) 17... Bxc2 18. Qxc2 f6 19. Qf5 {Black must now prevent Qe6+.} Qc8 20. Qxc8 (20. Qd3 {is interesting.} Qe6 21. Rfe1 Rbe8 22. exf6 Qxf6 23. Bg5) 20... Rbxc8 (20... Rfxc8 {is more complex.} 21. exf6 gxf6 22. Rfc1 Kf7 23. Ne1 b4) 21. exf6 Rxf6 22. Ne5 Re6 23. Nd3 Ne7 24. Rfe1 Nc6 25. Rec1 Rce8 26. Nb4 (26. Kf1 $14) 26... Nxb4 $11 27. cxb4 c6 28. Ra3 Kf7 29. Rac3 Rc8 30. Kf1 Ke7 31. Rd1 Kd7 32. Bf4 Rf8 33. Be3 Bb8 34. Ke2 Bd6 35. Rb3 Rg6 36. Kf1 Re8 37. Rc1 Re4 38. Rd1 h5 39. Rd2 Rf6 40. Ke2 g5 41. Rd1 g4 42. hxg4 Rxg4 43. g3 h4 44. gxh4 Rxh4 45. Rg1 Rf7 46. Rg8 Bf8 47. Rg3 Rh1 48. Rf3 Rxf3 49. Kxf3 {[%mdl 4096] Endgame KRB-KRB} Ra1 50. Ke2 Ra2+ 51. Kd3 Bd6 52. Bd2 Ke6 53. Rb1 Kf5 54. Rc1 $2 {[%mdl 8192] [#]} (54. Rh1 $11) 54... Rxd2+ $1 $19 {[%mdl 512]} 55. Kxd2 {KR-KB} Bf4+ {Black mates.} 56. Kc2 Bxc1 57. Kxc1 Ke4 58. Kc2 Kf3 59. Kd2 Kxf2 60. Kd3 Kf3 {Precision: White = 50%, Black = 44%.} 0-1

[Event "83rd ESP-ch Women-ch 2018"]
[Site "Linares"]
[Date "2018.08.27"]
[Round "8"]
[White "Ramos Saavedra, Mario"]
[Black "Tudela Corbalan, Carlos"]
[Result "0-1"]
[WhiteElo "1981"]
[BlackElo "2246"]
[Annotator "TA"]
[PlyCount "94"]
[EventDate "2018.08.09"]
[EventType "tourn"]
[EventCountry "ESP"]
[SourceTitle "playchess.com"]
[Source "ChessBase"]
[SourceQuality "1"]

{[%evp 9,94,53,47,40,74,42,59,13,33,17,6,23,35,37,40,41,52,46,64,55,63,45,104,97,136,3,35,20,22,42,28,29,161,151,139,127,159,173,163,179,512,145,147,137,146,155,142,64,80,69,57,0,0,-410,-410,-411,-397,-406,-397,-354,-399,-409,-390,-421,-405,-434,-386,-583,-487,-564,-498,-1012,-980,-1129,-1193,-1253,-1277,-1256,-1230,-2747,-2473,-1084,-923,-12846,-12847,-29993,-29994]} 1. e4 g6 2. d4 Bg7 3. Nc3 c6 4. Bc4 d5 5. exd5 b5 {[%cal Bb7b5,Bb5b4][%mdl 32] LiveBook: 118 Games} 6. Bd3 {B06: Modern Defence} (6. Bb3 b4 7. Nce2 cxd5 8. a3 bxa3 9. Rxa3 Nf6 10. Nf3 O-O 11. O-O Nc6 12. Ne5 Bb7 13. Nd3 Ne4 14. c3 Na5 15. Bc2 Nc4 16. Ra2 e6 17. Ng3 Ned6 18. Re1 Bc6 19. Bf4 Re8 {½-½ (113) Korobov,A (2692)-Shtembuliak,E (2478) Rivne 2016}) 6... b4 7. Nce2 cxd5 8. h3 {White is slightly better.} Nf6 9. Nf3 O-O 10. a3 bxa3 11. Rxa3 Nc6 12. c3 Bb7 $146 ({Predecessor:} 12... a5 13. O-O {0-1 (28) Lukin,A-Karasev,V Leningrad (Russia) 1970}) 13. O-O Ne4 14. Bf4 Nd6 15. Qb3 {Strongly threatening Bxd6.} Rb8 ({Black should play} 15... a5 $14) 16. Qa2 $16 Ba8 17. Ne5 (17. Nc1 $16) 17... Bxe5 18. dxe5 Nc4 $1 19. Bxc4 dxc4 20. e6 Rb5 (20... Qd5 $1 $11 21. f3 (21. Bxb8 Nd4 $11) 21... Rb5) 21. Bh6 $1 $18 ({Don't play} 21. Qxc4 $6 Rxb2 22. Bc1 Ne5 $16) 21... Qd5 {aiming for ...Nd4!} 22. Nf4 $1 $36 {[%cal Rf4d5][%mdl 2048] White has strong initiative.} (22. Bxf8 Nd4 $17) 22... Qe4 {[#]} 23. f3 $1 Qe3+ 24. Kh1 Rc5 $2 (24... f6) 25. Bxf8 $2 (25. exf7+ $18 {is the precise move to win.} Kxf7 26. b4) 25... Kxf8 $16 {[#]} 26. Rxa7 $1 Nxa7 27. Qxa7 Bc6 28. Qb8+ ({White should try} 28. Rd1 $16) 28... Kg7 $14 29. exf7 Kxf7 {next ...Rf5 is good for Black.} 30. Rd1 (30. Qc7 $14) 30... Rf5 $11 31. Rd8 $2 {[%mdl 8192]} (31. Qc7 $11 {and White has nothing to worry.}) 31... Qc1+ $19 32. Kh2 {Rf8+ would kill now.} Qxf4+ 33. Qxf4 Rxf4 {[%mdl 4096] Endgame KRB-KR} 34. Rb8 Bd5 35. Kg3 Rf6 36. Kf2 Rd6 37. Ke3 e5 38. Rc8 (38. h4 $142) 38... h5 39. g4 hxg4 40. hxg4 (40. fxg4 $142 Rb6 41. Rc7+ Kf6 42. Rd7) 40... Rf6 41. Rc7+ Ke6 42. Rg7 Rxf3+ 43. Ke2 Kf6 44. Rd7 Rd3 45. Rc7 Rg3 46. b4 cxb3 {[%cal Bc4b3,Bb3b2][%mdl 32] ( -> ...b2)} 47. c4 b2 {Precision: White = 32%, Black = 43%.} 0-1

[Event "83rd ESP-ch Women-ch 2018"]
[Site "Linares"]
[Date "2018.08.27"]
[Round "8"]
[White "Ruiz Casado, Francisco Javier"]
[Black "Jimenez Bernal, Francisco"]
[Result "1/2-1/2"]
[WhiteElo "1975"]
[BlackElo "2250"]
[Annotator "TA"]
[PlyCount "102"]
[EventDate "2018.08.09"]
[EventType "tourn"]
[EventCountry "ESP"]
[SourceTitle "playchess.com"]
[Source "ChessBase"]
[SourceQuality "1"]

{[%evp 19,102,84,89,34,27,27,26,41,192,213,173,135,254,225,220,133,138,137,159,172,202,156,127,127,272,162,181,163,181,187,445,220,433,73,347,91,621,129,445,343,677,697,643,75,173,160,220,175,163,149,115,-146,-193,-186,-149,-143,0,0,264,71,79,79,63,57,71,-31,0,-81,-75,-89,-87,-127,-83,-83,-64,-95,-68,-77,-73,-126,-117,-127,-71,-75,-50]} 1. e4 c5 2. Nc3 a6 3. g3 b5 4. Bg2 Bb7 5. Nge2 e6 6. O-O d6 7. Re1 {B23: Sizilianisch (Geschlossenes System)} Nd7 8. d4 cxd4 9. Nxd4 Qc7 10. a4 b4 $146 {LiveBook: 4 Partien} ({Vorgänger:} 10... bxa4 11. Rxa4 Nb6 12. Ra1 Nf6 13. Nb3 Nc4 14. Bf1 Be7 {1-0 (30) Al Modiahki,M (2542)-Samhouri,A (2355) Riadh 2017}) 11. Nd5 (11. Na2 $16) 11... exd5 $14 12. exd5+ Be7 13. Nf5 $1 Kd8 $2 (13... g6 $14 14. Qd4 (14. Nxe7 Nxe7 15. Qe2 Ne5 $11) 14... f6) 14. Bf4 $18 {[%mdl 1024] Weiss hat starke Kompensation.} Bf8 15. Qd2 Qc5 (15... Ngf6 $16 {war angesagt.}) 16. c3 b3 17. Qe2 Ngf6 18. Be3 $1 {[%cal Re3c5]} Qa5 19. c4 Nc5 20. Bd2 (20. Bg5 $6 Kc7 $16) 20... Qb6 21. a5 Qa7 (21... Qc7 $16) 22. Bg5 (22. Bf4 $142) 22... Kc7 23. Bxf6 gxf6 24. Qh5 $36 {[%mdl 2048] Läuft bei Weiss.} Bc8 $2 (24... Rc8 25. Qxf7+ Kb8 26. Qxf6 Rg8) 25. Qxf7+ (25. Nd4 $142) 25... Bd7 $2 (25... Kb8 26. Ne7 (26. Qxf6 Bxf5 27. Qxh8 Qf7 $16) 26... Qc7) 26. Bh3 $2 (26. Nd4 $18 {und der Rest ist Schweigen.}) 26... Rd8 $2 {[%mdl 8192]} (26... Rc8 $16 {ist eine bessere Verteidigung.}) 27. Re3 $2 (27. Nd4 $18) 27... Nb7 $2 {[%mdl 8192]} (27... Kc8 $16) 28. c5 $2 (28. Rxb3 $18 Re8 29. Nxd6 $1 {[%mdl 512]}) 28... Nxc5 $2 {[%mdl 8192]} (28... dxc5 $16 29. Ne7 (29. Rxb3 c4 $16) (29. Qxf6 Bxf5 30. Bxf5 Bd6 $14) 29... f5) 29. Rae1 Qb8 $2 (29... Kb8 30. Qxf6 Bg7 31. Qxg7 Bxf5 32. Qxa7+ Kxa7 33. Bxf5 Ka8) 30. Nd4 {Se6+ ist eine echte Drohung.} Bh6 31. Nc6 $2 (31. Ne6+ $18 {und Weiss behält klar die Oberhand.} Nxe6 32. dxe6 Bxe3 33. Rxe3) 31... Qb5 (31... Rdf8 $16 32. Qxd7+ Nxd7 33. Nxb8 Nc5 34. Nxa6+ Nxa6) 32. Re7 {Und Txd7+! würde nun gewinnen.} Rhf8 (32... f5 $16) 33. Qxh7 Rh8 34. Qf5 Bd2 35. R1e2 $2 {[%mdl 8192] [#]} (35. Rd1 $16 {und es läuft.} Bxa5 36. Bf1) 35... Qxe2 $1 $17 {[%mdl 512]} 36. Rxe2 Bxf5 37. Bxf5 Bh6 (37... Bc1 $17 38. Re7+ Rd7 $1 {[%mdl 512]} 39. Bxd7 Nxd7) 38. Re7+ $11 {[#]} Nd7 $2 {[%mdl 8192]} (38... Rd7 $1 $11 {und Schwarz muss sich keine Sorgen machen.} 39. Bxd7 Nxd7) 39. Nd4 $2 (39. f4 $18 {bietet bessere Gewinnchancen.}) 39... Bc1 40. Ne6+ Kc8 {Weiss muss nun ...Tde8 beachten.} 41. Nxd8 Rxd8 {[#]} 42. Re1 ({Lieber} 42. h4 $1 $16) 42... Bd2 43. Rd1 (43. Re7 $11) 43... Bxa5 $17 44. Ra1 Bb6 45. Ra3 Kb7 {Droht ...Sc5 und aus.} 46. Rxb3 Ne5 47. h4 Rg8 48. Kg2 a5 {Schwarz steht besser.} 49. f4 (49. Kh3 $142) 49... Nc4 50. Kh3 Ne3 (50... Re8 $142 51. h5 Re1) 51. Be6 Rh8 {Precision: Weiß = 23%, Schwarz = 17%.} 1/2-1/2

[Event "83rd ESP-ch Women-ch 2018"]
[Site "Linares"]
[Date "2018.08.27"]
[Round "8"]
[White "Rodriguez del Cerro, Ricardo"]
[Black "Alvarez Serrano, Carlos"]
[Result "1-0"]
[WhiteElo "1953"]
[BlackElo "2225"]
[Annotator "TA"]
[PlyCount "97"]
[EventDate "2018.08.09"]
[EventType "tourn"]
[EventCountry "ESP"]
[SourceTitle "playchess.com"]
[Source "ChessBase"]
[SourceQuality "1"]

{[%evp 22,97,44,33,58,70,118,118,122,129,147,139,140,131,155,150,154,154,156,144,321,339,377,386,360,291,455,446,431,350,396,220,222,223,215,213,218,220,241,228,343,343,342,329,335,336,538,538,502,328,943,761,1589,1556,6644,5277,12829,12831,12836,12830,12830,12831,12831,7312,2108,10587,5627,5622,6207,2177,12837,12837,12837,12838,12841,12841,12841,12841]} 1. c4 Nf6 2. Nc3 c5 3. Nf3 g6 4. g3 Bg7 5. Bg2 O-O 6. d4 cxd4 7. Nxd4 d6 8. O-O Nc6 9. Nxc6 bxc6 10. Bxc6 Rb8 11. Bg2 Qa5 12. Nb5 {LiveBook: 41 Games. E65: King's Indian: Fianchetto: 6...c5 7 0-0 without d5 by White} (12. Qd2 Be6 13. b3 Rxb3 14. axb3 Qxa1 15. Nb5 a6 16. Na7 Bd7 17. Nc6 Bxc6 18. Bxc6 Qe5 19. Qa2 Ne4 20. Qxa6 {1-0 (43) Adly,A (2626)-Kovalev,V (2648) Sharjah 2018}) 12... a6 13. Bd2 Qb6 {[#]} 14. Nc3 $1 {White is better.} Be6 $146 {[#]} ({Predecessor:} 14... Qc5 15. b3 Qh5 16. e4 Bg4 17. f3 Qc5+ 18. Kh1 Bd7 19. Rc1 a5 {1-0 (44) Pfleger,H-Pribyl,J Tallinn (Estland) 1973}) 15. b3 $1 Qc5 16. Rc1 Qh5 17. h4 h6 18. Bf3 Bg4 19. Bxg4 Nxg4 20. Kg2 f5 $2 (20... Qc5 $16 21. e4 h5) 21. Nd5 $18 e5 22. f3 Nf6 23. Nxf6+ Bxf6 (23... Rxf6 {was necessary.} 24. c5 dxc5 25. Rxc5 Rd8) 24. Rh1 e4 25. Bf4 Rbd8 26. fxe4 (26. Qd5+ $142 Kh8 27. Bxd6) 26... fxe4 27. Qd5+ Qxd5 28. cxd5 g5 29. hxg5 hxg5 30. Be3 Rc8 (30... a5 $142 31. Rc4 Kg7) 31. Rxc8 Rxc8 32. Rc1 Rxc1 33. Bxc1 {[%mdl 4096] Endgame KB-KB} Kf7 $2 (33... g4 {keeps fighting.} 34. Bf4 Bd4 35. Bxd6 Kf7) 34. g4 Kg6 35. Kf2 Be5 $2 (35... Bd4+ 36. e3 Be5) 36. a4 {White is clearly winning.} Bd4+ 37. e3 Bc5 38. Bd2 Kf7 39. b4 Bb6 40. Bc3 Ke7 41. Bd4 Bd8 42. Ke2 Kd7 43. Kd2 (43. Kd1 $142 Be7 44. Kc2) 43... Kc7 44. Kc3 Kb7 45. Kc4 (45. a5 $142 Kb8 46. Bg7) 45... Ka8 46. b5 Kb7 {[#]} 47. b6 $1 {[%mdl 512]} Bxb6 48. Bxb6 Kxb6 49. Kb4 {Precision: White = 88%, Black = 25%.} 1-0